| 000 | 00790cab a2200241 4500 | ||
|---|---|---|---|
| 001 | ABS41938 | ||
| 008 | 090401t1989 xxu||||| |||| 00| 0 eng d | ||
| 035 | _a(Sirsi) u33594 | ||
| 041 | _aeng | ||
| 100 | _aHenderson, G. | ||
| 245 | _aBuilding energy efficiency and the greenhouse effect | ||
| 260 | _c1989 | ||
| 350 | _a0 | ||
| 490 |
_aEnergy Management _v(20) November - December 1989 27 |
||
| 520 | _aExamination of the impact of construction techniques on the environment , particularly the production of Greenhouse gas es and CFCs . Energy efficiency is discussed using the BREHOMES model. | ||
| 650 | _aBRE | ||
| 650 | _aDESIGN | ||
| 650 | _aGLOBAL WARMING | ||
| 650 | _aHOUSING | ||
| 690 | _aBUILT ENVIRONMENT-CONSTRUCTION DESIGN | ||
| 942 | _n0 | ||
| 948 | _c04/03/1997 | ||
| 999 |
_c22418 _d22418 |
||